Countries by Scrabble Points Quiz Stats

 Plays Quiz not verified by Sporcle

Score 0/56 Timer 08:00
0 Plays Today
% Correct
IRAQ
86.6%
QATAR
85.7%
PERU
84.9%
MEXICO
83.2%
FIJI
79%
CUBA
75.6%
EGYPT
74.8%
BRAZIL
74.8%
ZAMBIA
73.9%
CHINA
73.1%
ZIMBABWE
72.3%
CHILE
71.4%
CHAD
70.6%
JORDAN
68.1%
JAMAICA
67.2%
GERMANY
67.2%
JAPAN
64.7%
BELIZE
63.9%
TURKEY
63.9%
KENYA
62.2%
FINLAND
62.2%
LIBYA
60.5%
KUWAIT
58%
OMAN
58%
YEMEN
58%
DENMARK
57.1%
MOROCCO
57.1%
UKRAINE
56.3%
% Correct
DJIBOUTI
56.3%
PARAGUAY
56.3%
MALI
56.3%
SLOVAKIA
55.5%
CYPRUS
52.9%
URUGUAY
52.9%
KOSOVO
52.1%
HUNGARY
52.1%
BOLIVIA
52.1%
KIRIBATI
46.2%
VIETNAM
46.2%
PAKISTAN
45.4%
BAHRAIN
42%
TANZANIA
42%
CAMBODIA
40.3%
MOLDOVA
38.7%
BOTSWANA
38.7%
BAHAMAS
37.8%
BELGIUM
37.8%
COLOMBIA
35.3%
BARBADOS
34.5%
MALDIVES
32.8%
NAMIBIA
31.1%
MALAYSIA
30.3%
MYANMAR
29.4%
COMOROS
26.9%
ETHIOPIA
24.4%
DOMINICA
21.8%

You're not logged in!

Compare scores with friends on all Sporcle quizzes.
OR
Log In

Show Comments

Extras

Top Quizzes Today


Score Distribution

Your Account Isn't Verified!

In order to create a playlist on Sporcle, you need to verify the email address you used during registration. Go to your Sporcle Settings to finish the process.

Report this User

Report this user for behavior that violates our Community Guidelines.

Details: